China today

Bibliographic Details
Format: Electronic Journal
Language:English
Published: Beijing, China : Benchmark Information
Subjects:
Online Access:Full text available from Research Library: 11/05/2011 to 03/05/2015

MARC

LEADER 00000nas a2200000 a 4500
001 ssj0000864943
003 WaSeSS
005 20200512172242.0
006 m d
007 cr n
008 130322c20uu9999cc s| p|s|||||| |0eng d
035 |a (WaSeSS)ssj0000864943 
040 |a WaSeSS  |c WaSeSS  |d WaSeSS 
043 |a a-cc--- 
050 4 |a DS701 
130 0 |a China today (Benchmark) 
245 1 0 |a China today  |h [electronic resource]. 
260 |a Beijing, China :  |b Benchmark Information 
310 |a Semimonthly 
506 |a License restrictions may limit access. 
588 |a Description based on: Nov. 5, 2011; title from title screen (ProQuest, viewed March 22, 2013). 
588 |a Latest issue consulted: Mar. 5, 2013 (viewed March 22, 2013). 
651 0 |a China  |v Periodicals. 
655 0 |a Electronic journals. 
856 4 0 |z Full text available from Research Library: 11/05/2011 to 03/05/2015  |u https://search.proquest.com/publication/1316361